000 00935nam a2200277 4500
003 OSt
005 20260601193857.0
008 260508b1951 nyua|||| |||| 00| 0 eng d
040 _aICI
_bspa
_cICI
050 _aNA7125.G5
_bG54 1951
100 1 _aGillies, Mary Davis,
_933201
245 1 _aMcCall's book of modern house /
_cMary Davis Gillies.
264 _bSimon & Schuster,
_c1951.
_aNew York :
300 _a191 páginas
_c30cm
336 _atexto
_2rdacontent
337 _asin medio
_2rdamedia
338 _avolumen
_2rdacarrier
500 _aLibro sobre diseño y arquitectura de viviendas modernas de mediados del siglo XX.
650 _aArquitectura doméstica.
650 _aViviendas modernas.
_933203
650 _aDiseño de casas.
_933204
650 _aArquitectura residencial
_zEstados Unidos.
_933205
650 _aCasas
_xDiseño y planos.
_933206
650 _aInteriorismo residencial.
_933207
942 _2lcc
_cB
999 _c22083
_d22083